Naturalized Indonesian Football Players - Statistics

General Stats
  • This quiz has been taken 65 times
  • The average score is 19 of 40
Answer Stats
Pos Answer % Correct
GK Maarten Paes
98%
DF Jay Idzes
84%
FW Ole Romeny
84%
MF Thom Haye
78%
MF Ivar Jenner
71%
DF Justin Hubner
71%
DF Calvin Verdonk
69%
DF Jordi Amat
69%
DF Sandy Walsh
69%
FW Rafael Struick
67%
MF Ragnar Oratmangoen
67%
DF Elkan Baggot
64%
MF Joey Pelupessy
60%
DF Kevin Diks
60%
DF Mees Hilgers
58%
DF Nathan Tjoe-A-On
56%
DF Shayne Pattynama
56%
MF Stefano Lillipaly
56%
DF Dean James
53%
DF Eliano Reijnders
53%
MF Marc Klok
47%
GK Emil Audero Mulyadi
44%
FW Cristian Gonzalez
42%
FW Greg Nwokolo
36%
DF Bio Paulin
33%
DF Otavio Dutra
33%
FW Beto Goncalves
31%
FW Sergio Van Dijk
31%
FW Ilija Spasojevic
29%
FW Osas Saha
29%
MF Raphael Maitimo
29%
DF Diego Michiels
27%
FW Jhonny Van Beaukering
27%
FW Ezra Wallian
24%
MF Kim Kurniawan
24%
MF Tonnie Cussell
24%
DF Victor Igbonefo
24%
FW Jens Raven
22%
DF Dion Markx
20%
DF Tim Geypens
16%
No matching quizzes found
Score Distribution
Percent of People with Each Score
Percentile by Number Answered
Your Score History
You have not taken this quiz